<?xml version="1.0" encoding="UTF-8"?>
<record
    xmlns:xsi="http://www.w3.org/2001/XMLSchema-instance"
    xsi:schemaLocation="http://www.loc.gov/MARC21/slim http://www.loc.gov/standards/marcxml/schema/MARC21slim.xsd"
    xmlns="http://www.loc.gov/MARC21/slim">

  <leader>00532nam a22001697a 4500</leader>
  <datafield tag="952" ind1=" " ind2=" ">
    <subfield code="0">0</subfield>
    <subfield code="1">0</subfield>
    <subfield code="2">ddc</subfield>
    <subfield code="4">0</subfield>
    <subfield code="7">0</subfield>
    <subfield code="8">NFIC</subfield>
    <subfield code="a">ASL</subfield>
    <subfield code="b">ASL</subfield>
    <subfield code="c">GEN</subfield>
    <subfield code="d">2021-10-08</subfield>
    <subfield code="e">ASB Library Collection</subfield>
    <subfield code="h">U-0215</subfield>
    <subfield code="l">0</subfield>
    <subfield code="o">370 NAH</subfield>
    <subfield code="p">112436</subfield>
    <subfield code="r">2021-10-08 00:00:00</subfield>
    <subfield code="t">C-1</subfield>
    <subfield code="w">2021-10-08</subfield>
    <subfield code="y">BK</subfield>
  </datafield>
  <datafield tag="999" ind1=" " ind2=" ">
    <subfield code="c">26418</subfield>
    <subfield code="d">26418</subfield>
  </datafield>
  <controlfield tag="003">BDDh-ASL</controlfield>
  <controlfield tag="005">20231015030636.0</controlfield>
  <controlfield tag="008">211008s1936    i  ||||| |||| 00| 0 u   d</controlfield>
  <datafield tag="040" ind1=" " ind2=" ">
    <subfield code="a">BDDh-ASL</subfield>
    <subfield code="c">BDDh-ASL</subfield>
  </datafield>
  <datafield tag="082" ind1=" " ind2=" ">
    <subfield code="a">370</subfield>
    <subfield code="b">NAH </subfield>
  </datafield>
  <datafield tag="100" ind1="1" ind2=" ">
    <subfield code="9">4885</subfield>
    <subfield code="a">Nadwi, Abul Hasnat </subfield>
  </datafield>
  <datafield tag="245" ind1="1" ind2="0">
    <subfield code="a">Hindustan ki Kadeem Islami Darsgahein : / &#x6C1;&#x646;&#x62F;&#x648;&#x633;&#x62A;&#x627;&#x646; &#x6A9;&#x6CC; &#x642;&#x62F;&#x64A;&#x645; &#x627;&#x633;&#x644;&#x627;&#x645;&#x6CC; &#x62F;&#x631;&#x633;&#x6AF;&#x627;&#x6C1;&#x64A;&#x6BA; </subfield>
  </datafield>
  <datafield tag="260" ind1=" " ind2=" ">
    <subfield code="a">Azamgarh : </subfield>
    <subfield code="b">Marif Press , </subfield>
    <subfield code="c">1936. </subfield>
  </datafield>
  <datafield tag="300" ind1=" " ind2=" ">
    <subfield code="a">124 p. : </subfield>
    <subfield code="c">25 cm. </subfield>
  </datafield>
  <datafield tag="650" ind1=" " ind2="0">
    <subfield code="9">1210</subfield>
    <subfield code="a">Education</subfield>
    <subfield code="x">India </subfield>
  </datafield>
  <datafield tag="942" ind1=" " ind2=" ">
    <subfield code="2">ddc</subfield>
    <subfield code="c">BK</subfield>
  </datafield>
</record>
